Personalising CPD.
Millais School for Girls in Horsham, West Sussex, delivers CPD across the school by sharing and enhancing the skills of all its staff. This programme looks in more detail at the role of their CPD Coordinator and how CPD is individually tailored to the needs of all staff through classroom observation...
| Format: | Video |
|---|---|
| Language: | English |
| Language Notes: | This edition in English. |
| Published: |
[London] :
Teachers TV/UK Dept. of Education,
2006.
|
| Series: | Continuing professional development - secondary
Education in video |
| Subjects: | |
| Online Access: | Connect to this streaming video (Alexander Street Press) |
MARC
| Tag | First Indicator | Second Indicator | Subfields |
|---|---|---|---|
| LEADER | 00000cgm a2200000Ma 4500 | ||
| 001 | in00005560721 | ||
| 006 | m o c | ||
| 007 | cr |n|---||a|a | ||
| 007 | vz |zazu| | ||
| 008 | 120229s2006 enk014 o vleng d | ||
| 005 | 20241201231246.2 | ||
| 035 | |a (OCoLC)ocn815773813 | ||
| 040 | |a ALSTP |b eng |e pn |c ALSTP |d OCLCO |d OCLCQ |d OCLCF |d OCLCQ |d VZF |d OCLCQ |d OCLCO |d OCLCA |d OCLCQ |d EZ9 |d MNI |d INT |d OCLCQ |d WYU |d SFB |d OCLCO |d OCLKB | ||
| 019 | |a 1269043344 |a 1273021320 |a 1373429336 |a 1406313589 |a 1412630787 |a 1418768615 |a 1423557322 |a 1444012628 | ||
| 035 | |a (OCoLC)815773813 |z (OCoLC)1269043344 |z (OCoLC)1273021320 |z (OCoLC)1373429336 |z (OCoLC)1406313589 |z (OCoLC)1412630787 |z (OCoLC)1418768615 |z (OCoLC)1423557322 |z (OCoLC)1444012628 | ||
| 050 | 4 | |a PN1200eb | |
| 049 | |a TXAM | ||
| 245 | 0 | 0 | |a Personalising CPD. |
| 260 | |a [London] : |b Teachers TV/UK Dept. of Education, |c 2006. | ||
| 300 | |a 1 online resource (14 min.). | ||
| 306 | |a 001416 | ||
| 336 | |a two-dimensional moving image |b tdi |2 rdacontent | ||
| 337 | |a computer |b c |2 rdamedia | ||
| 338 | |a online resource |b cr |2 rdacarrier | ||
| 344 | |a digital |2 rdatr | ||
| 347 | |a data file |2 rda | ||
| 490 | 0 | |a Continuing professional development - secondary | |
| 490 | 0 | |a Education in video | |
| 500 | |a Title from resource description page (viewed Mar. 5, 2012). | ||
| 520 | |a Millais School for Girls in Horsham, West Sussex, delivers CPD across the school by sharing and enhancing the skills of all its staff. This programme looks in more detail at the role of their CPD Coordinator and how CPD is individually tailored to the needs of all staff through classroom observation, developing skills to meet individual targets, encouraging individual action planning and reviewing recently promoted posts. Millais School also listens to student feedback about the success of lessons and performance of teachers. | ||
| 546 | |a This edition in English. | ||
| 650 | 0 | |a Career development. | |
| 650 | 0 | |a Teachers |x Training of. | |
| 650 | 0 | |a School employees |x Training of. | |
| 650 | 0 | |a Student evaluation of curriculum. | |
| 650 | 0 | |a Student evaluation of teachers. | |
| 650 | 0 | |a Feedback (Psychology) | |
| 650 | 0 | |a Observation (Educational method) | |
| 650 | 6 | |a Plan de carrière. | |
| 650 | 6 | |a Enseignants |x Formation. | |
| 650 | 6 | |a Personnel scolaire |x Formation. | |
| 650 | 6 | |a Programmes d'études |x Évaluation par les étudiants. | |
| 650 | 6 | |a Enseignants |x Évaluation par les étudiants. | |
| 650 | 6 | |a Rétroaction (Psychologie) | |
| 650 | 6 | |a Observation (Méthode d'enseignement) | |
| 650 | 7 | |a Career development. |2 fast |0 (OCoLC)fst00847280 | |
| 650 | 7 | |a Feedback (Psychology) |2 fast |0 (OCoLC)fst00922443 | |
| 650 | 7 | |a Observation (Educational method) |2 fast |0 (OCoLC)fst01042943 | |
| 650 | 7 | |a School employees |x Training of. |2 fast |0 (OCoLC)fst01107366 | |
| 650 | 7 | |a Student evaluation of curriculum. |2 fast |0 (OCoLC)fst01135896 | |
| 650 | 7 | |a Student evaluation of teachers. |2 fast |0 (OCoLC)fst01135897 | |
| 650 | 7 | |a Teachers |x Training of. |2 fast |0 (OCoLC)fst01144404 | |
| 655 | 4 | |a Alexander Street Video. | |
| 655 | 7 | |a Instructional television programs. |2 fast |0 (OCoLC)fst01726126 | |
| 655 | 7 | |a Instructional television programs. |2 lcgft | |
| 655 | 7 | |a Émissions pédagogiques télévisées. |2 rvmgf | |
| 776 | 0 | 8 | |i Print version: |t Personalising CPD. |d [London] : Teachers TV/UK Dept. of Education, 2006 publisher catalog number |o C/0964/002 |
| 856 | 4 | 0 | |u http://proxy.library.tamu.edu/login?url=https://www.aspresolver.com/aspresolver.asp?AVN2;1780478 |z Connect to this streaming video (Alexander Street Press) |t 0 |
| 955 | |a Alexander Street Press subscription streaming video | ||
| 994 | |a 92 |b TXA | ||
| 999 | f | f | |s 8f97283d-0b79-41ff-a02b-d52f0eb7bfe7 |i 4229209e-12de-453a-bd82-41d87d33d2a9 |t 0 |
| 952 | f | f | |a Texas A&M University |b College Station |c Electronic Resources |d Available Online |t 0 |e PN1200eb |h Library of Congress classification |
| 998 | f | f | |a PN1200eb |t 0 |l Available Online |